OIO - OIO - Statystyki

Ogólne statystyki
  • Ten quiz został rozwiązany 96 razy
  • Średni wynik to 10 z 17
Statystyki odpowiedzi
Numer Tytuł % Poprawnych
6 Amerykańskie Teledyski
93%
8 Worki W Tłum
89%
9 MVP
79%
2 Moonwalk
77%
1 Biggie
73%
10 Przypadkiem
73%
15 WMTB
68%
12 Transparentny
65%
13 Trendsetting
54%
11 5 AM
53%
7 Morze Łez
52%
14 Paleta Barw
51%
5 Potłuczone Szkła
51%
4 Jak To Ma Być
47%
3 Podzielony
46%
17 Oni Nie Zamkną Mnie
43%
16 Oczywiście Nie
19%
Nie znaleziono quizów pasujących do podanych kryteriów
Rozkład punktacji
Procent ludzi z każdym wynikiem
Percentyl według liczby udzielonych odpowiedzi
Twoja historia wyników
Nie rozwiązałeś tego quizu